000 01032nam a22002537a 4500
001 586
005 20231211160532.0
020 _a9781786173164
040 _aFISKH
_beng
050 _aPZ8.A54
082 _aFic
100 _aParker, Vic
245 _aHans Christian Andersen's fairy tales /
250 _aThis edition printer 2018
260 _aEssex :
_bMiles Kelly.
_c2017.
300 _a384 pages :
_bcolor iluustrations :
_c23 cm
505 _aU
520 _aThe fairy tales of Hans Christian Andersen have inspired, frightened, and amused readers since they were first published in 1835. Readers will recognize the little mermaid who makes a deal with a sea witch in the hopes of winning a prince's heart; the conceited emperor who is swindled by two men who claim to be weaving magical cloth, and many more. There are 39 total stories in this volume.
521 _a960
_bLexile estimate
521 _aU
_bRaz-Plus
650 _afairy tales
700 _aAndersen, Hans Christian
_d1805-1875
942 _2ddc
_cBK
_n0
999 _c586
_d586